000 00721nam a2200205Ia 4500
003 OSt
005 20240509120643.0
008 210210b2003 xxu||||| |||| 00| 0 eng d
040 _cAL
041 _aKannada
082 _a973K MOHA
100 _aMOHAN (Y R).
_dಮೋಹನ್ (ವೈ ಆರ್)
_9163933
245 _aAmerikayana: Amerika sayukta sansthanagala sankshipta ithihasa.
_bಅಮೇರಿಕಾಯಣ: ಅಮೇರಿಕ ಸಯುಂಕ್ತ ಸಂಸ್ಥಾನಗಳ ಸಂಕ್ಷಿಪ್ತ ಇತಿಹಾಸ
260 _aBengaluru
_bAbhinava Prakashana
_c2003
300 _axiv,868
650 _aAmerica
_9163934
690 _aAmerican History
_9163935
906 _a058321
942 _2ddc
_cBK
999 _c105767
_d105767